000 00334cam a2200133ua 4500
041 _ahin
_h
082 _a891.54
_bMOH/AK
100 _aMohan Rakesh, .
245 _aAkhir chattan tak /
_cMohan rakesh.
_hTextual Documents
260 _a :
_bRajkamal Prakashan ,
_c1961.
300 _a133 ;
_e`.
504 _a
999 _c11887
_d11887